00492nam a2200181 a 4500001001300000003000900013005001700022008004100039020001000080082001900090100002200109245006700131260002700198300000900225500003500234650001900269700002200288nice12345678IN_TiNIC20260116015119.0080410s2006 bana grp 000 0 eng  ac10000a266.00954bPRA aPrabhakar, Samson aMission in the Jpast and Presentb Challenges and Perspectives aBanglorebBtesscc2006 a131p aincludes index and biblioraphy aMissions-India1 aPrabhakar, Samson